000 02747cam a22004095a 4500
001 L159120
002 20050
008 070413s2015 xxk f 001 0 eng d
020 _a1315695219
_a9781315695211
035 _a(Sirsi) u159120
041 0 _aeng
050 0 4 _a692.8 $2 18
100 1 _aHughes, Will
245 0 0 _aConstruction contracts
_blaw and management
_h[electronic resource]
250 _a5th ed.
260 _aOxon
_bRoutledge
_bTaylor and Francis
_c2015
300 _aeBook
505 2 _aIntroduction -- List of tables -- List of figures -- Table of cases -- Table of statutes -- Glossary -- UK construction industry context -- Roles and relationships -- General contracting -- Design and build -- Constructions management -- Collaborative contracting -- Risk allocation and procurement decisions -- Contract choice -- Tendering and contract formation -- Liability in contract and tort -- Contractor's obligations -- Employer's obligations -- Responsibility for design -- Time -- Payment -- Contractors' delay and disruption costs -- Insurance and bonds -- Role of the contract administrator -- Sub-contracts -- Financial remedies for breach of contract -- Defective buildings and subsequent owners -- Suspension and termination of contracts -- Non-adversarial dispute resolution -- Adversarial dispute resolution -- References -- Author index -- Subject index
520 _aDescribes the fundamental principles of how English law applies to building and civil engineering contracts. Aimed primarily at students. Covers the syllabus requirements for first degrees in Building, Civil Engineering, Architecture, Quantity Surveying and Building Surveying. Also covers the requirements for postgraduate courses in Construction Management and Project Management. The book provides explanations of features found in contemporary construction contracts and may therefore serve as a reference guide to practitioners such as consultants, builders, clients and lawyers. It now includes comparisons of working with JCT, NEC3, and FIDIC contracts throughout.
590 _aKA
650 2 4 _aEBOOK
650 2 4 _aBUILT ENVIRONMENT-BUILDING CONTRACT FORMS
650 2 4 _aDESIGN AND BUILD
650 2 4 _aConstruction management
_96230
650 2 4 _aTENDERING
650 2 4 _aCLAIMS
650 2 4 _aBUILT ENVIRONMENT-BUILDING PATHOLOGY
650 2 4 _aCDM 2015
650 2 4 _aBUILT ENVIRONMENT-CONSTRUCTION MANAGEMENT-BUILDING CONTRACT ADMINISTRATION
650 2 4 _aLIABILITY
651 4 _aEngland and Wales
_y1543-
690 _aContracts
_96232
700 1 _aChampion, Ronan
700 1 _aMurdoch, John
856 4 8 _uhttps://www.vlebooks.com/
_zView on VLEbooks. Logins for members only from [email protected]
942 _n0
999 _c115686
_d115686